000 00451nam a2200169Ia 4500
005 20250508154813.0
008 008 250505s9999 xx 000 0 eng d
037 _aBooks to be hide in OPAC
040 _aFEDL
_beng
_cFEDL
041 _aeng
_2eng
084 _a428, NOT/O
_qFEDL
245 0 _aGita gopal scientific readers pre primer 1-5
260 _c1962
300 _a33p.
942 _cHB
_h428, NOT/O
999 _c1352219
_d1352219